Deuda externa y reconstrucción de Nicaragua: realidad, mitos y oportunismo
Salvato in:
| Natura: | Libro |
|---|---|
| Lingua: | Spanish |
| Tags: |
Aggiungi Tag
Nessun Tag, puoi essere il primo ad aggiungerne!!
|
MARC
| LEADER | 00000nam a22000007a 4500 | ||
|---|---|---|---|
| 003 | cru CIDCACS/IIS | ||
| 005 | 20190125142736.0 | ||
| 007 | ta | ||
| 008 | 190125s1998 es |||||r||||||0| ||spa d | ||
| 999 | |c 42126 |d 42126 | ||
| 040 | |c cru CIDCACS/IIS | ||
| 245 | |a Deuda externa y reconstrucción de Nicaragua: |b realidad, mitos y oportunismo | ||
| 300 | |a páginas 4-6 | ||
| 942 | |2 ddc |c PP | ||
| 773 | 0 | |0 42115 |9 2627 |a Universidad Centroamericana José Simeón Cañas (UCA) |d San Salvador, El Salvador: Universidad Centroamericana José Simeón Cañas. Centro Universitario de Documentación e Información |o 18260 |t El Salvador Proceso: |x 02599864 | |
